000 00359 a2200169 4500
001 186288
020 _a978-85-16-07919-2
040 _cMagnum
100 _aCarrasco, Walcyr
240 1 0 _aMeu primeiro beijo
_lpor
245 1 0 _aMeu primeiro beijo
300 _a96
362 0 _a2012
440 1 _aModerna
697 _aLITERATURA JUVENIL
942 _cBK
999 _c186288
_d186288